Confederate States - Map Quiz - Statistics

General Stats
  • This quiz has been taken 498 times
  • The average score is 10 of 11
Answers on the Map
Answers color-coded by a green-red scale on the quiz's map according to % correct below.
 
Answer Stats
Answer % Correct
Texas
94%
Florida
91%
North Carolina
90%
South Carolina
90%
Tennessee
89%
Virginia
88%
Georgia
87%
Louisiana
86%
Mississippi
82%
Arkansas
80%
Alabama
79%
No matching quizzes found
Score Distribution
Percent of People with Each Score
Percentile by Number Answered
Your Score History
You have not taken this quiz